• 首页
  • 本馆介绍
  • 公告通知
  • 最新文献
  • 馆藏检索
  • 电子资源
  • 读者导购
  • 参考咨询
  • 我的图书馆
  • 登录
  • 详细信息显示
  • 放入我的书架
  • 预约/预借图书
  • 作者相关作品
  • 分类相关作品
  • 丛书相关作品
  • 出版社相关作品

书目信息

  • 表格格式
  • 工作单格式
  • 卡片格式
题名:
空中帝国
    
 
作者: 弗莱克 著 ;姜哲人 译
分册:  
出版信息: 北京   航空工业出版社  2019
页数: 352页, [20] 页图版
开本: 24cm
丛书名:
单 册:
中图分类: F471.265 , D771.2 , F471.2
科图分类:
主题词: 航空航天工业--Hang Kong Hang Tian Gong Ye--工业发展--研究--美国 , 霸权主义--Ba Quan Zhu Yi--研究--美国
电子资源:
ISBN: 978-7-5165-1743-7
000 01740nam0 2200337 450
001 2156730116
005 20211117154538.93
010    @a978-7-5165-1743-7@dCNY98.00
099    @aCAL 012019116201
100    @a20190918d2019 em y0chiy50 ea
101 1  @achi@ceng
102    @aCN@b110000
105    @aaf z 000yy
200 1  @a空中帝国@AKong Zhong Di Guo@e美国航空与美国霸权@f(美) 詹尼佛·凡·弗莱克著@g姜哲人译
210    @a北京@c航空工业出版社@d2019
215    @a352页, [20] 页图版@c图@d24cm
312    @a书名原文取自封面
314    @a詹尼佛·凡·弗莱克 (Jenifer Van Vleck),女,本科毕业于布朗大学,博士毕业于耶鲁大学。曾在耶鲁大学执教美国和世界历史,现在史密森航空学会从事研究工作。
314    @a姜哲人,男,先后获得北京航空航天大学经济学学士学位、法国图卢兹高等商学院MBA学位。曾供职于中国航空工业集团有限公司民机产业部。
330    @a本书作为一本反映美国航空发展的史书,上起1903年的莱特兄弟发明飞机并首飞,下至2012年“9·11”恐怖袭击之后的时代,翔实记录了美国航空百年来的发展历程。本书采取讲故事与叙述航空重大事件相结合的方式,全景式再现了美国航空发展的重大决策、重大事件、重大影响、重大意义及重大教训,深刻分析了航空产业发展在美国政治、经济、军事、外交、文化等全面崛起中所产生的巨大影响和作用。
500 10 @aEmpire of the air : aviation and the American ascendancy@mChinese
517 1  @a美国航空与美国霸权@AMei Guo Hang Kong Yu Mei Guo Ba Quan
606 0  @a航空航天工业@AHang Kong Hang Tian Gong Ye@x工业发展@x研究@y美国
606 0  @a霸权主义@ABa Quan Zhu Yi@x研究@y美国
690    @aF471.265@v5
690    @aD771.2@v5
690    @aF471.2@v4
701  1 @a弗莱克@AFu Lai Ke@g(Vleck, Jenifer Van)@4著
702  0 @a姜哲人@AJiang Zhe Ren@4译
801  0 @aCN@b山东中教@c20211112
905    @aZUCC@dF471.2@e3
    
    空中帝国:美国航空与美国霸权/(美) 詹尼佛·凡·弗莱克著/姜哲人译.-北京:航空工业出版社,2019
    352页, [20] 页图版:图;24cm
    
    
    ISBN 978-7-5165-1743-7:CNY98.00
    本书作为一本反映美国航空发展的史书,上起1903年的莱特兄弟发明飞机并首飞,下至2012年“9·11”恐怖袭击之后的时代,翔实记录了美国航空百年来的发展历程。本书采取讲故事与叙述航空重大事件相结合的方式,全景式再现了美国航空发展的重大决策、重大事件、重大影响、重大意义及重大教训,深刻分析了航空产业发展在美国政治、经济、军事、外交、文化等全面崛起中所产生的巨大影响和作用。
●
相关链接 在五车中查询图书 在当当中查询图书 在豆瓣中查询图书


正题名:空中帝国     索取号:F471.2/3         预约/预借

序号 登录号 条形码 馆藏地/架位号 状态 备注
1 2000890248   2000890248   兵学书屋/兵圣1架A面4层1列/ [索取号:F471.2/3] 在馆    
2 2000890249   2000890249   兵学书屋/兵圣1架A面4层1列/ [索取号:F471.2/3] 在馆    
3 2000890250   2000890250   兵学书屋/兵圣1架A面4层1列/ [索取号:F471.2/3] 在馆    
山东省滨州职业学院图书馆 欢迎您!
大连网信软件有限公司© 版权所有